2013 MLB Playoff Lineups - Statistics

General Stats
  • This quiz has been taken 47 times
  • The average score is 48 of 129
Answer Stats
Hint Hint Answer % Correct
Boston Red Sox DH David Ortiz
100%
Detroit Tigers SP Justin Verlander
88%
Tampa Bay Rays SP David Price
82%
Detroit Tigers SP Max Scherzer
82%
Los Angeles Dodgers SP Clayton Kershaw
76%
Boston Red Sox 2B Dustin Pedroia
76%
Atlanta Braves 1B Freddie Freeman
76%
Tampa Bay Rays C Jose Molina
76%
Pittsburgh Pirates C Russell Martin
76%
Detroit Tigers DH Victor Martinez
76%
St. Louis Cardinals C Yadier Molina
76%
Tampa Bay Rays 3B Evan Longoria
71%
Los Angeles Dodgers SS Hanley Ramirez
71%
St. Louis Cardinals SP Adam Wainwright
65%
Pittsburgh Pirates CF Andrew McCutchen
65%
Cincinnati Reds 1B Joey Votto
65%
St. Louis Cardinals 2B Matt Carpenter
65%
Detroit Tigers 3B Miguel Cabrera
65%
Los Angeles Dodgers 1B Adrian Gonzalez
59%
Cleveland Indians SS Asdrubal Cabrera
59%
Detroit Tigers CF Austin Jackson
53%
Los Angeles Dodgers LF Carl Crawford
53%
Atlanta Braves 3B Chris Johnson
53%
St. Louis Cardinals 3B David Freese
53%
Atlanta Braves 2B Elliot Johnson
53%
Atlanta Braves MGR Fredi Gonzalez
53%
Pittsburgh Pirates SP Gerrit Cole
53%
Oakland Athletics 3B Josh Donaldson
53%
Los Angeles Dodgers 3B Juan Uribe
53%
Boston Red Sox RF Shane Victorino
53%
Boston Red Sox 3B Xander Bogaerts
53%
Los Angeles Dodgers SP Zack Greinke
53%
Detroit Tigers C Alex Avila
47%
Detroit Tigers SP Anibal Sanchez
47%
Cleveland Indians DH Carlos Santana
47%
Boston Red Sox SP Clay Buchholz
47%
Los Angeles Dodgers MGR Don Mattingly
47%
Boston Red Sox CF Jacoby Ellsbury
47%
Detroit Tigers LF Jhonny Peralta
47%
Boston Red Sox SP John Lackey
47%
Boston Red Sox SP Jon Lester
47%
Atlanta Braves RF Justin Upton
47%
Detroit Tigers 1B Prince Fielder
47%
Detroit Tigers RF Torii Hunter
47%
Oakland Athletics LF Yoenis Cespedes
47%
Los Angeles Dodgers CF Andre Ethier
41%
Cincinnati Reds 2B Brandon Phillips
41%
Atlanta Braves C Brian McCann
41%
Boston Red Sox C Jarrod Saltalamacchia
41%
Detroit Tigers MGR Jim Leyland
41%
Tampa Bay Rays MGR Joe Maddon
41%
Boston Red Sox MGR John Farrell
41%
St. Louis Cardinals LF Matt Holliday
41%
St. Louis Cardinals MGR Mike Matheny
41%
Boston Red Sox 1B Mike Napoli
41%
Pittsburgh Pirates 3B Pedro Alvarez
41%
Oakland Athletics DH Seth Smith
41%
Pittsburgh Pirates LF Starling Marte
41%
Boston Red Sox SS Stephen Drew
41%
Cleveland Indians MGR Terry Francona
41%
Los Angeles Dodgers RF Yasiel Puig
41%
Los Angeles Dodgers C A.J. Ellis
35%
Oakland Athletics MGR Bob Melvin
35%
St. Louis Cardinals RF Carlos Beltran
35%
Detroit Tigers SP Doug Fister
35%
Tampa Bay Rays 1B James Loney
35%
Atlanta Braves CF Jason Heyward
35%
Cleveland Indians 2B Jason Kipnis
35%
Boston Red Sox LF Jonny Gomes
35%
Detroit Tigers SS Jose Iglesias
35%
Los Angeles Dodgers 2B Mark Ellis
35%
Oakland Athletics C Stephen Vogt
35%
Cleveland Indians C Yan Gomes
35%
Atlanta Braves SS Andrelton Simmons
29%
Oakland Athletics CF Coco Crisp
29%
Tampa Bay Rays DH Delmon Young
29%
Tampa Bay Rays CF Desmond Jennings
29%
Boston Red Sox SP Jake Peavy
29%
Cincinnati Reds RF Jay Bruce
29%
Oakland Athletics SS Jed Lowrie
29%
Cincinnati Reds SP Johnny Cueto
29%
Atlanta Braves SP Julio Teheran
29%
St. Louis Cardinals 1B Matt Adams
29%
Pittsburgh Pirates SP A.J. Burnett
24%
Tampa Bay Rays 2B Ben Zobrist
24%
Pittsburgh Pirates MGR Clint Hurdle
24%
Cincinnati Reds MGR Dusty Baker
24%
Pittsburgh Pirates SP Francisco Liriano
24%
Atlanta Braves SP Freddy Garcia
24%
St. Louis Cardinals SP Joe Kelly
24%
St. Louis Cardinals CF Jon Jay
24%
Cleveland Indians LF Michael Brantley
24%
St. Louis Cardinals SP Michael Wacha
24%
Pittsburgh Pirates 2B Neil Walker
24%
Detroit Tigers 2B Omar Infante
24%
Cincinnati Reds CF Shin-Soo Choo
24%
Cincinnati Reds 3B Todd Frazier
24%
Cincinnati Reds SS Zack Cozart
24%
Oakland Athletics 1B Brandon Moss
18%
Cleveland Indians SP Danny Salazar
18%
Los Angeles Dodgers SP Hyun Jin Ryu
18%
Pittsburgh Pirates 1B Justin Morneau
18%
St. Louis Cardinals SP Lance Lynn
18%
Tampa Bay Rays SP Matt Moore
18%
Cleveland Indians CF Michael Bourn
18%
Cincinnati Reds LF Ryan Ludwick
18%
Tampa Bay Rays SS Yunel Escobar
18%
Pittsburgh Pirates SS Clint Barmes
12%
Atlanta Braves LF Evan Gattis
12%
Tampa Bay Rays SP Jeremy Hellickson
12%
Oakland Athletics RF Josh Reddick
12%
Cleveland Indians 3B Lonnie Chisenhall
12%
Cleveland Indians 1B Nick Swisher
12%
St. Louis Cardinals SS Pete Kozma
12%
Cincinnati Reds C Ryan Hanigan
12%
Oakland Athletics SP Sonny Gray
12%
Oakland Athletics SP Bartolo Colon
6%
Pittsburgh Pirates SP Charlie Morton
6%
Oakland Athletics 2B Eric Sogard
6%
Atlanta Braves SP Kris Medlen
6%
Pittsburgh Pirates RF Marlon Byrd
6%
Atlanta Braves SP Mike Minor
6%
Tampa Bay Rays RF Wil Myers
6%
Tampa Bay Rays SP Alex Cobb
0%
Oakland Athletics SP Dan Straily
0%
Tampa Bay Rays LF David DeJesus
0%
Oakland Athletics SP Jarrod Parker
0%
Los Angeles Dodgers SP Ricky Nolasco
0%
Cleveland Indians RF Ryan Raburn
0%
No matching quizzes found
Score Distribution
Percent of People with Each Score
Percentile by Number Answered
Your Score History
You have not taken this quiz